Statistiken für Länder mit den meisten Hauskatzen

Klicken Sie hier um das Quiz zu spielen!

Allgemein

  • Dieses Quiz wurde 71 mal gespielt
  • Das Durchschnittsergebnis liegt bei 9 aus 10

Antwortstatistiken

KatzenLand% Korrekt
53,4 Mio.China
100%
16,7 Mio.Deutschland
100%
15,1 Mio.Frankreich
100%
95,6 Mio.Vereinigte Staaten
98%
22,95 Mio.Russland
92%
22,1 Mio.Brasilien
89%
10,1 Mio.Italien
88%
12 Mio.Vereinigtes Königreich
86%
8,8 Mio.Japan
85%
8,5 Mio.Kanada
80%

Verteilung der Resultate

Perzentil nach korrekt beantworteten Fragen

Anzahl Personen mit jedem Resultat

Ihre Resultats-Entwicklung

Sie haben dieses Quiz noch nicht gespielt